Úvahy a dokumenty Národné divadlo v rokoch 1939-1944

Bibliographic Details
Main Author: Brezinský Ľudovít, 1907-1994 (Author)
Format: Book
Language:Slovak
PhysicalDescription:222, [ii] s. fotografie, tabuľky 21 cm
Published: Bratislava Štátne nakladateľstvo 1944
Subjects:

MARC

LEADER 00000cam a2200000 a 4500
001 vtls008365693
003 SK-MaSNL
005 20260301181110.0
008 250313s1944 xo do g 000 0 slo
015 |a SNBA19421945-021/0266 
035 |a SK01SNKBKSD220010057910 
035 |a urn:nbn:sk:snk-am3i2w1 
035 |a AD8B7CBA-0DAC-4A90-91B4-707B5F54A8E9 
035 |a urn:nbn:sk:snk-am00dhyh 
035 |a SKM000060373 
040 |a SNK  |b slo  |c SNK  |e AACR2 
041 0 |a slo  |b ger  |b fre 
043 |a e-xo--- 
044 |a xo  |c SK 
080 |a 792  |2 1981 
100 1 |a Brezinský Ľudovít,  |d 1907-1994  |4 aut  |9 175329 
245 1 0 |a Úvahy a dokumenty  |b Národné divadlo v rokoch 1939-1944  |c Ľudovít Brezinský 
260 |a Bratislava  |b Štátne nakladateľstvo  |c 1944  |e Turčiansky Sv. Martin  |f Kníhtlačiarsky účastinársky spolok 
300 |a 222, [ii] s.  |b fotografie, tabuľky  |c 21 cm 
546 |a Resumé nemecky a francúzsky 
610 2 7 |a Slovenské národné divadlo  |2 SNKKA  |9 32458 
648 7 |a 1939-1944  |2 SNKPH  |9 286947 
650 0 7 |a divadlá  |2 SNKPH  |9 29113 
655 7 |a monografie  |2 SNKPH  |9 70139 
852 |a Slovenská národná knižnica 
958 |a RK 
958 |a TL 
958 |a OND 
999 |c 848749  |d 850679 
952 |a SNK  |b SNK  |y PREZ  |7 0  |p 17A0755403  |o snkSC 3291  |i snk11/45  |8 1  |z Kosová-Kolečányi, Mária, 1918-1985 - dar  |0 0  |1 0  |4 0  |d 2011-11-29  |f 1  |l 0  |r 2025-06-25 00:00:00  |w 2026-02-24 
952 |a SNK  |b SNK  |y VYP  |7 0  |p 17A0090457  |o snkSC 3291/1 D1  |i snkKSF 1692/57  |8 5  |0 0  |1 0  |4 0  |d 1997-08-20  |l 0  |r 2005-01-02 00:00:00  |w 2026-02-24